| 000 | 00549nam a2200193Ia 4500 | ||
|---|---|---|---|
| 001 | 12858 | ||
| 003 | GE_BSU | ||
| 008 | 181216s||||||||xx |||||||||||||| ||und|| | ||
| 040 | _cGE_BSU | ||
| 080 | _a631/635 | ||
| 245 | _aРоль снежного покрова в земледелии | ||
| 245 | _cОтв.ред.Г.Д.Рихтер | ||
| 260 | _aМосква | ||
| 260 | _bАкад.Наук СССР | ||
| 260 | _c1953 | ||
| 300 | _a112стр.20см. | ||
| 653 | _aРоль снежного покрова в земледелии | ||
| 942 | _cBK | ||
| 999 |
_c46028 _d46028 |
||